Đề xuất cơ chế bảo hiến trong luật Việt Nam : Báo cáo tổng kết đề tài nghiên cứu khoa học cấp trường

Đề tài trình bày lý luận chung về văn bản quy phạm pháp luật và giá trị pháp lý tối cao của hiến pháp, đề xuất một số ý kiến cho việc xây dựng cơ chế bảo hiến.

Tallennettuna:
Bibliografiset tiedot
Päätekijä: Đinh, Thanh Phương
Aineistotyyppi: Kirja
Kieli:Undetermined
Julkaistu: Cần Thơ Trường Đại học Cần Thơ 2008
Aiheet:
Tagit: Lisää tagi
Ei tageja, Lisää ensimmäinen tagi!
Thư viện lưu trữ: Trung tâm Học liệu Trường Đại học Cần Thơ
LEADER 01105nam a2200241Ia 4500
001 CTU_164970
008 210402s9999 xx 000 0 und d
082 |a 342.59702 
082 |b Ph561 
088 |a 49T/HĐ.QLKH2007 
100 |a Đinh, Thanh Phương 
245 0 |a Đề xuất cơ chế bảo hiến trong luật Việt Nam : 
245 0 |b Báo cáo tổng kết đề tài nghiên cứu khoa học cấp trường 
245 0 |c Đinh Thanh Phương (Chủ nhiệm đề tài) 
260 |a Cần Thơ 
260 |b Trường Đại học Cần Thơ 
260 |c 2008 
520 |a Đề tài trình bày lý luận chung về văn bản quy phạm pháp luật và giá trị pháp lý tối cao của hiến pháp, đề xuất một số ý kiến cho việc xây dựng cơ chế bảo hiến. 
650 |a Constitutional law,Luật hiến pháp 
650 |z Vietnam,Việt Nam 
904 |i Trọng Hải 
915 |a KL 
980 |a Trung tâm Học liệu Trường Đại học Cần Thơ